ポケモンの全体の場の状態 - Statistics

General Stats
  • This quiz has been taken 314 times
    296 since last reset
  • The average score is 11 of 22
Answer Stats
Hint Answer % Correct
てんき あめ
97%
てんき 8世代まで あられ
87%
ルーム トリックルーム
85%
フィールド エレキフィールド
85%
てんき すなあらし
84%
てんき 9世代から ゆき
79%
フィールド グラスフィールド
79%
フィールド サイコフィールド
72%
フィールド ミストフィールド
66%
てんき にほんばれ
62%
てんき おおあめ
61%
ルーム マジックルーム
49%
てんき らんきりゅう
42%
てんき おおひでり
39%
てんき 4世代のみ きり
39%
ルーム ワンダールーム
38%
じゅうりょく
17%
てんき ポケモンXDのみ くらやみ
6%
どろあそび
6%
フェアリーロック
5%
みずあそび
5%
プラズマシャワー
3%
No matching quizzes found
Score Distribution
Percent of People with Each Score
Percentile by Number Answered
Your Score History
You have not taken this quiz since the last reset